000 00476cam a22001934a 4500
005 20250605164321.0
008 250528s ||||||||||||||||||||||||d
035 _a22895
020 _a9780321210739
040 _aGR-AtMCL
_bgre
_dGR-AtMCL
_eAACR2
245 1 _aOBJECT-ORIENTED SOFTWARE DEVELOPMENT USING JAVA
250 _a2
260 _bAddison-Wesley,
_c2003
300 _a677
700 1 _aJia Xiaoping
_91895
942 _cBK
999 _c7939
_d7939